000 00312nam a2200133Ia 4500
005 20260326235453.0
008 260326s9999||||xx |||||||||||||| ||und||
100 _aMartin, Roland
245 0 _aGreek Architecture /
_cRoland Martin
260 _bRizzoli
300 _a201 p.
650 _aANTIGUEDAD
942 _cBK
999 _c7848
_d7848